000 00531nam a2200181Ia 4500
008 090123s9999 xx 000 0 und d
082 _b36803
100 _aमहाबळ भा.ल.
245 _aपरकं चांदणं
250 _a1
260 _bउत्कर्ष प्रकाशन
_c2004
300 _a208
600 _aमहाबळ भा.ल.
630 _aपरकं चांदणं
700 _aमहाबळ भा.ल.
730 _aपरकं चांदणं
942 _cBOOK
999 _c74926
_d74926